header

The secret of teams (Record no. 243116)

MARC details
000 -LEADER
fixed length control field 01629nam a2200337 a 4500
082 04 - DEWEY DECIMAL CLASSIFICATION NUMBER
Classification number 658.4/022
100 1# - MAIN ENTRY--AUTHOR NAME
Personal name Miller, Mark,
245 14 - TITLE STATEMENT
Title The secret of teams
250 ## - EDITION STATEMENT
Edition statement 1st ed.
260 ## - PUBLICATION, DISTRIBUTION, ETC. (IMPRINT)
Place of publication San Francisco :
Name of publisher Berrett-Koehler Publishers,
Year of publication c2011.
300 ## - PHYSICAL DESCRIPTION
Number of Pages ix, 130 p.
490 1# - SERIES STATEMENT
Series statement BK business book
505 0# - FORMATTED CONTENTS NOTE
Formatted contents note Introduction : an amazing journey -- Study the best -- Truth is truth -- The three pillars -- Winning is hard work -- Enlightened self-interest -- The big idea -- Course correction -- No wasted talents -- The goal : results -- Launching a movement -- Harder than it looks -- Change is hard -- The real issue -- A second chance -- The journey continues -- Conclusion : the next step is yours -- High-performance team assessment.
650 #0 - SUBJECT ADDED ENTRY--TOPICAL TERM
Topical Term Teams in the workplace.
856 40 - ELECTRONIC LOCATION AND ACCESS
Uniform Resource Identifier http://site.ebrary.com/lib/rucke/Doc?id=10499941

No items available.

© 2026 Rongo University
Contact us: librarian | system librarian | Rongo university